Tiny Almost Useless Trivia XIV Quiz Stats

Quiz Updated Aug 4, 2016

Challenge
Share
Tweet
Embed
Score 0/15 Timer 03:00
0 Plays Today
Question Answer % Correct
What Greek letter is used to represent the ratio of a circle circumference to its diameter?pi
85.3%
What Men's fashion magazine was rebranded in 1967 to just the initials of its former name?GQ
84.1%
What Italian river shares its name with a Teletubby?Po
82.7%
What Pixar movie features characters Carl and Russell?Up
81.7%
What novel by Stephen King tells the creepy story of a clown named Pennywise?It
78.6%
What abbreviation is a 60,000th of minute or a woman with unclear marital status?ms or Ms.
74.6%
In Ancient Egypt, what was the name of the sun god who later merged with Horus?Ra
72.4%
What syllable on the scale replaced the older note 'ut'?do
61.8%
Question Answer % Correct
What animal of the Chinese zodiac falls between rat and tiger?ox
55%
What Galilean moon of Jupiter is believed to be the dryest object in our solar system?Io
54.2%
What NBC drama series won the Emmy for best drama and also for Julianna Margulies for acting?ER
53.3%
What is the family name of either of the Presidents of China since 2002?Hu or Xi
50.6%
In 2016, Google created a program that beat Lee Sedol, grandmaster of what Chinese game?go
48.1%
What first name is shared by Baseball Hall of Famers Simmons and Kaline?Al
47%
What is the Spanish infinitive verb that means 'to go'?ir
37.4%

You're not logged in!

Compare scores with friends on all Sporcle quizzes.
Join for Free
OR
Log In

You Might Also Like...

Show Comments

Extras

Top Quizzes Today


Score Distribution

Your Account Isn't Verified!

In order to create a playlist on Sporcle, you need to verify the email address you used during registration. Go to your Sporcle Settings to finish the process.

Report this User

Report this user for behavior that violates our Community Guidelines.

Details: